[Event "San Vicente op 8th"]
[Site "San Vicente"]
[Date "2024.03.28"]
[Round "2"]
[White "Ivanchuk, Vassily"]
[Black "Pogorelov, Ruslan"]
[Result "1-0"]
[WhiteElo "2625"]
[BlackElo "2272"]
[PlyCount "71"]
[EventDate "2024.03.27"]
[EventType "swiss"]
[EventRounds "9"]
[EventCountry "ESP"]
[SourceTitle "CB14_2024"]
[SourceDate "2024.04.01"]
[SourceVersion "1"]
[SourceVersionDate "2024.04.01"]
[SourceQuality "1"]

1. e4 c6 2. d4 d5 3. Nd2 dxe4 4. Nxe4 Bf5 5. Ng3 Bg6 6. Nh3 e6 7. Nf4 Bd6 8. c3 Nf6 9. h4 Bxf4 10. Bxf4 h6 11. Qb3 Qe7 12. c4 0-0 13. Be2 Rd8 14. Rd1 a5 15. 0-0 a4 16. Qe3 a3 17. h5 Bh7 18. Rd2 b5 19. b3 bxc4 20. bxc4 Na6 21. Bf3 Nb4 22. Rc1 Ra7 23. Ne2 Bf5 24. Nc3 Bg4 25. Bxg4 Nxg4 26. Qg3 Nf6 27. Bxh6 Nxh5 28. Qg4 Qf6 29. Be3 Qf5 30. Qxf5 exf5 31. d5 Rb7 32. Rb1 cxd5 33. Bc5 Rc8 34. Rxb4 Rxb4 35. Bxb4 Rxc4 36. Nxd5 1-0

[Event "Lorca op 12th"]
[Site "Lorca"]
[Date "2023.12.29"]
[Round "6"]
[White "Pogorelov, Ruslan"]
[Black "Terkiewicz, Bruno"]
[Result "1-0"]
[WhiteElo "2271"]
[BlackElo "1839"]
[PlyCount "157"]
[EventDate "2023.12.26"]
[EventType "swiss"]
[EventRounds "9"]
[EventCountry "ESP"]
[SourceTitle "CB01_2024"]
[SourceDate "2024.01.03"]
[SourceVersion "1"]
[SourceVersionDate "2024.01.03"]
[SourceQuality "1"]

1. Nf3 d5 2. d4 Nf6 3. c4 e6 4. Nc3 c5 5. cxd5 exd5 6. g3 Nc6 7. Bg2 cxd4 8. Nxd4 Bc5 9. Nb3 Bb6 10. 0-0 d4 11. Na4 0-0 12. Bg5 Re8 13. Re1 h6 14. Nxb6 axb6 15. Bxc6 bxc6 16. Bxf6 Qxf6 17. Qxd4 Qd8 18. Qc3 Qc7 19. a3 c5 20. Rad1 Ba6 21. Nc1 Re7 22. f3 Rae8 23. e4 Rd8 24. Nd3 Red7 25. Nf2 Rd4 26. Rxd4 Rxd4 27. Rd1 Qd7 28. Rxd4 cxd4 29. Qb4 Be2 30. Kg2 Qc8 31. Qd2 Qc4 32. b3 Qa6 33. Qxd4 Qxa3 34. Qd2 Ba6 35. b4 Qa1 36. Nd1 Qa4 37. Ne3 Qb5 38. g4 h5 39. gxh5 Qg5+ 40. Kh1 Qxh5 41. Qf2 Qg5 42. Nf5 g6 43. Ng3 Qc1+ 44. Kg2 Qc3 45. Qxb6 Qd2+ 46. Qf2 Qxb4 47. h4 Qb5 48. Qd2 Qd3 49. Qxd3 Bxd3 50. Kf2 Kg7 51. Ke3 Bb1 52. Kd4 Kf6 53. f4 Ba2 54. Nf1 Be6 55. Ne3 Bc8 56. Nc4 Ke6 57. Nb6 Ba6 58. Nd5 Bf1 59. Ne3 Bh3 60. Kc5 Kf6 61. Kd6 Be6 62. Nd5+ Kg7 63. Ke7 Bg4 64. Nf6 Bf3 65. e5 Bd1 66. Ne8+ Kg8 67. Kf6 Bb3 68. Nd6 Ba2 69. Ne4 Bb3 70. Ng5 Kf8 71. e6 fxe6 72. Kxg6 Ke7 73. h5 Bc2+ 74. Kg7 Kd6 75. Kf6 Kd5 76. h6 Bf5 77. Nxe6 Ke4 78. Nf8 Kxf4 79. Ng6+ 1-0

[Event "Lorca op 12th"]
[Site "Lorca"]
[Date "2023.12.29"]
[Round "7"]
[White "Vehi Bach, Victor Manuel"]
[Black "Pogorelov, Ruslan"]
[Result "1/2-1/2"]
[WhiteElo "2223"]
[BlackElo "2271"]
[PlyCount "72"]
[EventDate "2023.12.26"]
[EventType "swiss"]
[EventRounds "9"]
[EventCountry "ESP"]
[SourceTitle "CB01_2024"]
[SourceDate "2024.01.03"]
[SourceVersion "1"]
[SourceVersionDate "2024.01.03"]
[SourceQuality "1"]

1. e4 c5 2. Nf3 e6 3. d4 cxd4 4. Nxd4 a6 5. Bd3 Nf6 6. 0-0 Qc7 7. Qe2 d6 8. c4 g6 9. Nc3 Bg7 10. Be3 0-0 11. Rac1 Nbd7 12. Rfd1 b6 13. b4 Ne5 14. Nb3 Nfg4 15. Bf4 Nxd3 16. Qxd3 Ne5 17. Qxd6 Qxd6 18. Rxd6 Nxc4 19. Rdd1 Bb7 20. Na4 Nb2 21. Nxb2 Bxb2 22. Rc2 Ba3 23. f3 Rac8 24. Rxc8 Rxc8 25. Rd6 Bc6 26. Nd4 Be8 27. Rxb6 a5 28. Bd6 Bb2 29. Nb3 a4 30. Nc5 a3 31. Kf1 Rc6 32. Rb8 Rxd6 33. Rxe8+ Kg7 34. Ke2 Rb6 35. Nd3 Bc3 36. Ra8 Bxb4 1/2-1/2

[Event "Lorca op 12th"]
[Site "Lorca"]
[Date "2023.12.28"]
[Round "4"]
[White "Cabrera Pino, Alexis"]
[Black "Pogorelov, Ruslan"]
[Result "1-0"]
[WhiteElo "2441"]
[BlackElo "2271"]
[PlyCount "97"]
[EventDate "2023.12.26"]
[EventType "swiss"]
[EventRounds "9"]
[EventCountry "ESP"]
[SourceTitle "CB01_2024"]
[SourceDate "2024.01.03"]
[SourceVersion "1"]
[SourceVersionDate "2024.01.03"]
[SourceQuality "1"]

1. e4 c5 2. Nf3 e6 3. d4 cxd4 4. Nxd4 a6 5. Bd3 Nf6 6. Qe2 d6 7. c4 Qc7 8. Nc3 g6 9. Be3 Nbd7 10. 0-0 Bg7 11. Rac1 0-0 12. b4 Ne5 13. f3 Bd7 14. Nb3 Rfc8 15. c5 Nxd3 16. Qxd3 dxc5 17. Nxc5 Bc6 18. a4 Rd8 19. Qb1 Qe7 20. Rf2 Nd7 21. Nd3 Ne5 22. Nxe5 Bxe5 23. b5 axb5 24. axb5 Be8 25. f4 Bd4 26. Bxd4 Rxd4 27. e5 Rb4 28. Qd3 Rd8 29. Qe3 Bxb5 30. Ne4 Bc6 31. Nf6+ Kg7 32. h4 Rbd4 33. Rc3 Qb4 34. h5 Rd3 35. Rxd3 Qb1+ 36. Kh2 Qxd3 37. Qc1 h6 38. Qc5 Qd4 39. Qc2 Qd3 40. Qb2 Qd4 41. Qe2 Qd1 42. Qe3 Qd4 43. Qg3 Qa1 44. hxg6 fxg6 45. Nh5+ Kh7 46. Qh4 gxh5 47. Qe7+ Kg8 48. Qxd8+ Kf7 49. Qf6+ 1-0

[Event "Porto Cristo"]
[Site "Porto Cristo"]
[Date "2023.12.17"]
[Round "9"]
[White "Pogorelov, Ruslan"]
[Black "Prado Lobo, Jonas"]
[Result "1/2-1/2"]
[WhiteElo "2271"]
[BlackElo "2393"]
[PlyCount "22"]
[EventDate "2023.12.11"]
[EventType "tourn"]
[EventRounds "9"]
[EventCountry "ESP"]
[EventCategory "1"]
[SourceTitle "CB52_2023"]
[SourceDate "2023.12.27"]
[SourceVersion "1"]
[SourceVersionDate "2023.12.27"]
[SourceQuality "1"]

1. d4 d5 2. c4 e6 3. Nf3 Nf6 4. g3 Be7 5. Bg2 0-0 6. 0-0 dxc4 7. Qa4 a6 8. Qxc4 b5 9. Qc2 Bb7 10. Bg5 Nbd7 11. Nbd2 Rc8 1/2-1/2

[Event "Porto Cristo"]
[Site "Porto Cristo"]
[Date "2023.12.16"]
[Round "8"]
[White "Marin Ferragut, Pau"]
[Black "Pogorelov, Ruslan"]
[Result "0-1"]
[WhiteElo "2115"]
[BlackElo "2271"]
[PlyCount "126"]
[EventDate "2023.12.11"]
[EventType "tourn"]
[EventRounds "9"]
[EventCountry "ESP"]
[EventCategory "1"]
[SourceTitle "CB52_2023"]
[SourceDate "2023.12.27"]
[SourceVersion "1"]
[SourceVersionDate "2023.12.27"]
[SourceQuality "1"]

1. e4 c5 2. Nf3 Nc6 3. Bb5 g6 4. Bxc6 dxc6 5. h3 Bg7 6. d3 Nf6 7. Nc3 Nd7 8. Be3 b6 9. Qd2 h6 10. 0-0 Nf8 11. e5 Ne6 12. Rfe1 Nd4 13. Bxd4 cxd4 14. Ne2 c5 15. Nf4 e6 16. Ne2 Bb7 17. Ng3 Qc7 18. Qe2 0-0 19. Nd2 Qc6 20. f4 f5 21. Nc4 Rab8 22. a4 Ba8 23. b3 Kh7 24. Kh2 Rg8 25. Rg1 Bf8 26. Nf1 g5 27. fxg5 Rxg5 28. Nfd2 Be7 29. Nf3 Rg7 30. Raf1 Rbg8 31. Rf2 a6 32. Ncd2 b5 33. axb5 axb5 34. Rff1 Qe8 35. Rf2 Bd5 36. Nf1 Rg6 37. N1d2 R8g7 38. Qf1 Rg8 39. Qe2 Bd8 40. Nf1 Ba5 41. Nh4 R6g7 42. Nd2 Bc3 43. Nf1 Qa8 44. g3 Qa2 45. Ng2 c4 46. bxc4 bxc4 47. Nf4 cxd3 48. cxd3 Ra8 49. Nd2 Rb8 50. Nxd5 Qxd5 51. Nc4 Rbg8 52. Rf4 Qd8 53. Qf3 Qg5 54. Rb1 Qxg3+ 55. Qxg3 Rxg3 56. Nd6 Rxd3 57. Rb7+ Rg7 58. Rb1 Rd2+ 59. Kh1 Rb2 60. Rd1 Rgg2 61. Ne8 Rh2+ 62. Kg1 Bd2 63. Nf6+ Kg6 0-1

[Event "Porto Cristo"]
[Site "Porto Cristo"]
[Date "2023.12.13"]
[Round "4"]
[White "Starostits, Ilmars"]
[Black "Pogorelov, Ruslan"]
[Result "1/2-1/2"]
[WhiteElo "2354"]
[BlackElo "2271"]
[PlyCount "31"]
[EventDate "2023.12.11"]
[EventType "tourn"]
[EventRounds "9"]
[EventCountry "ESP"]
[EventCategory "1"]
[SourceTitle "CB52_2023"]
[SourceDate "2023.12.27"]
[SourceVersion "1"]
[SourceVersionDate "2023.12.27"]
[SourceQuality "1"]

1. d4 Nf6 2. Nf3 e6 3. c4 b6 4. g3 Bb7 5. Bg2 Be7 6. Nc3 Ne4 7. Nxe4 Bxe4 8. 0-0 0-0 9. Ne1 Bxg2 10. Nxg2 d5 11. Qc2 c5 12. dxc5 Bxc5 13. cxd5 Qxd5 14. Be3 Na6 15. Bxc5 Nxc5 16. Rfd1 1/2-1/2

[Event "Porto Cristo"]
[Site "Porto Cristo"]
[Date "2023.12.11"]
[Round "1"]
[White "Suvorov, Alexander David"]
[Black "Pogorelov, Ruslan"]
[Result "1/2-1/2"]
[WhiteElo "2334"]
[BlackElo "2271"]
[PlyCount "74"]
[EventDate "2023.12.11"]
[EventType "tourn"]
[EventRounds "9"]
[EventCountry "ESP"]
[EventCategory "1"]
[SourceTitle "CB52_2023"]
[SourceDate "2023.12.27"]
[SourceVersion "1"]
[SourceVersionDate "2023.12.27"]
[SourceQuality "1"]

1. d4 Nf6 2. Bg5 e6 3. e4 h6 4. Bxf6 Qxf6 5. c3 d6 6. Bc4 Nc6 7. Ne2 g5 8. 0-0 Qg6 9. Nd2 Bd7 10. a4 h5 11. f4 gxf4 12. Nxf4 Qh6 13. b4 Be7 14. Nb3 Bg5 15. Nh3 Ne7 16. Qf3 0-0-0 17. Nxg5 Qxg5 18. Qxf7 d5 19. Be2 Qe3+ 20. Qf2 Qxc3 21. Rab1 e5 22. Rfc1 Qxb4 23. Nc5 Qxd4 24. Qxd4 exd4 25. Nxb7 Rdf8 26. Ba6 c6 27. Nc5+ Kd8 28. Rb8+ Nc8 29. Bxc8 Bxc8 30. Ne6+ Kd7 31. Nxf8+ Rxf8 32. exd5 cxd5 33. Rc5 d3 34. Rxd5+ Kc7 35. Rb2 Ba6 36. Rd2 Rf4 37. a5 h4 1/2-1/2

[Event "Lorca Christmas op"]
[Site "Lorca"]
[Date "2022.12.29"]
[Round "7"]
[White "Giaccio, Alfredo Gustavo"]
[Black "Pogorelov, Ruslan"]
[Result "1/2-1/2"]
[WhiteElo "2357"]
[BlackElo "2288"]
[PlyCount "43"]
[EventDate "2022.12.26"]
[EventType "swiss"]
[EventRounds "9"]
[EventCountry "ESP"]
[SourceTitle "CBM 211 Extra"]
[Source "ChessBase"]
[SourceDate "2023.01.31"]
[SourceVersion "1"]
[SourceVersionDate "2023.01.31"]
[SourceQuality "1"]

1. e4 c6 2. d4 d5 3. Nc3 dxe4 4. Nxe4 Bf5 5. Ng3 Bg6 6. h4 h6 7. Nf3 Nd7 8. Bd3 Bxd3 9. Qxd3 e6 10. Bd2 Ngf6 11. 0-0-0 Qc7 12. Ne4 0-0-0 13. g3 Nxe4 14. Qxe4 Nf6 15. Qe2 Bd6 16. c4 c5 17. Kb1 cxd4 18. Nxd4 a6 19. Bc3 Qc5 20. Rhe1 Bc7 21. Ka1 Qh5 22. Qxh5 1/2-1/2

[Event "Lorca Christmas op"]
[Site "Lorca"]
[Date "2022.12.27"]
[Round "2"]
[White "Basso, Pier Luigi"]
[Black "Pogorelov, Ruslan"]
[Result "1-0"]
[WhiteElo "2503"]
[BlackElo "2288"]
[PlyCount "95"]
[EventDate "2022.12.26"]
[EventType "swiss"]
[EventRounds "9"]
[EventCountry "ESP"]
[SourceTitle "CBM 211 Extra"]
[Source "ChessBase"]
[SourceDate "2023.01.31"]
[SourceVersion "1"]
[SourceVersionDate "2023.01.31"]
[SourceQuality "1"]

1. e4 c6 2. d4 d5 3. e5 Bf5 4. Nf3 e6 5. Be2 Nd7 6. 0-0 Bg6 7. c3 Nh6 8. a4 Nf5 9. a5 a6 10. b4 h5 11. Na3 f6 12. Re1 fxe5 13. dxe5 Be7 14. Nc2 c5 15. bxc5 Nxc5 16. Ncd4 Qd7 17. Nxf5 Bxf5 18. c4 dxc4 19. Qxd7+ Nxd7 20. Bxc4 Rc8 21. Ba2 Bb4 22. Bd2 Bxd2 23. Nxd2 Ke7 24. f4 Nc5 25. Nc4 Nd3 26. Rf1 Rc5 27. Bb3 Rhc8 28. Nd6 R8c7 29. h4 g6 30. Bd1 Rc3 31. Be2 Nc5 32. Rac1 Ne4 33. Rxc3 Rxc3 34. Nxb7 Rc2 35. Bxa6 Ra2 36. Rc1 Nd2 37. Rc7+ Kf8 38. Bb5 Be4 39. Nc5 Bd5 40. Nd7+ Ke7 41. Nf6+ Kd8 42. Rd7+ Kc8 43. Nxd5 Ra1+ 44. Kh2 exd5 45. Rxd5 Ne4 46. Be2 Ra4 47. Bf3 Nf2 48. Rd2 1-0

[Event "Sitges Sunway op 9th"]
[Site "Sitges"]
[Date "2022.12.21"]
[Round "9"]
[White "Villa Tornero, Alex"]
[Black "Pogorelov, Ruslan"]
[Result "0-1"]
[WhiteElo "1925"]
[BlackElo "2288"]
[PlyCount "142"]
[EventDate "2022.12.12"]
[EventType "swiss"]
[EventRounds "10"]
[EventCountry "ESP"]
[SourceTitle "CBM 211 Extra"]
[Source "ChessBase"]
[SourceDate "2023.01.31"]
[SourceVersion "1"]
[SourceVersionDate "2023.01.31"]
[SourceQuality "1"]

1. e4 c5 2. Nf3 e6 3. d4 cxd4 4. Nxd4 Nf6 5. Bd3 Nc6 6. Nf3 Be7 7. 0-0 d6 8. c4 0-0 9. Nc3 b6 10. Qe2 Bb7 11. Rd1 Qb8 12. Bf4 Nd7 13. Rac1 Nce5 14. Nxe5 Nxe5 15. Bxe5 dxe5 16. a3 Bc5 17. b4 Bd4 18. Nb5 Rd8 19. Nxd4 Rxd4 20. Bb1 Qd8 21. f3 Qg5 22. Rxd4 exd4 23. Rd1 e5 24. Qd2 Qxd2 25. Rxd2 Kf8 26. Kf2 Ke7 27. Bd3 a5 28. b5 Kd6 29. g3 Re8 30. Re2 Kc5 31. h4 h5 32. g4 Bc8 33. Kg3 f6 34. Rg2 Rh8 35. Rg1 g5 36. hxg5 h4+ 37. Kh2 fxg5 38. Re1 Rf8 39. Rf1 Rf4 40. Kh3 Bd7 41. Kg2 Be6 42. Kh2 Kd6 43. Kh3 Rf8 44. Kg2 Bxc4 45. Bxc4 Rc8 46. Rc1 d3 47. Rc3 Rxc4 48. Rxd3+ Ke6 49. Rd8 Rc2+ 50. Kh1 Rc3 51. Rb8 Rxf3 52. Rxb6+ Kd7 53. Rg6 Rh3+ 54. Kg2 Rg3+ 55. Kh2 Rxg4 56. Rg7+ Kc8 57. Kh3 Rg3+ 58. Kh2 a4 59. Rg8+ Kb7 60. Rg6 g4 61. Rg5 Rh3+ 62. Kg2 Rxa3 63. Rxe5 h3+ 64. Kh2 Ra2+ 65. Kg3 Rg2+ 66. Kf4 h2 67. Rh5 a3 68. Rh7+ Kb6 69. Rh6+ Kxb5 70. Rh8 a2 71. Rb8+ Kc6 0-1

[Event "Sitges Sunway op 9th"]
[Site "Sitges"]
[Date "2022.12.20"]
[Round "8"]
[White "Pogorelov, Ruslan"]
[Black "Velten, Paul"]
[Result "1/2-1/2"]
[WhiteElo "2288"]
[BlackElo "2465"]
[PlyCount "85"]
[EventDate "2022.12.12"]
[EventType "swiss"]
[EventRounds "10"]
[EventCountry "ESP"]
[SourceTitle "CBM 211 Extra"]
[Source "ChessBase"]
[SourceDate "2023.01.31"]
[SourceVersion "1"]
[SourceVersionDate "2023.01.31"]
[SourceQuality "1"]

1. Nf3 d5 2. d4 Nf6 3. c4 dxc4 4. e3 Bg4 5. Bxc4 e6 6. h3 Bh5 7. Nc3 Nc6 8. 0-0 Bd6 9. e4 Bxf3 10. gxf3 e5 11. dxe5 Nxe5 12. Bb5+ c6 13. f4 cxb5 14. Nxb5 Nc4 15. Qa4 0-0 16. Qxc4 Rc8 17. Qe2 Bc5 18. e5 Qe8 19. Nc3 Nd7 20. Be3 f5 21. Qf3 Rc6 22. Kh2 Kh8 23. Rg1 Bxe3 24. fxe3 Nc5 25. Rad1 Qe7 26. Rg2 Ne6 27. Nb5 g5 28. Nd4 Nxd4 29. exd4 g4 30. hxg4 Rh6+ 31. Kg1 fxg4 32. Qxg4 Rg6 33. Qh3 Rxg2+ 34. Kxg2 Rxf4 35. Rd3 Qd8 36. d5 Qg8+ 37. Kh2 Qg6 38. Qc8+ Kg7 39. Qd7+ Rf7 40. Qh3 Kh8 41. Qc8+ Kg7 42. Qh3 Kh8 43. Qc8+ 1/2-1/2

[Event "Sitges Sunway op 9th"]
[Site "Sitges"]
[Date "2022.12.19"]
[Round "7"]
[White "Pogorelov, Ruslan"]
[Black "Hapala, Elisabeth"]
[Result "1-0"]
[WhiteElo "2288"]
[BlackElo "2075"]
[PlyCount "115"]
[EventDate "2022.12.12"]
[EventType "swiss"]
[EventRounds "10"]
[EventCountry "ESP"]
[SourceTitle "CBM 211 Extra"]
[Source "ChessBase"]
[SourceDate "2023.01.31"]
[SourceVersion "1"]
[SourceVersionDate "2023.01.31"]
[SourceQuality "1"]

1. Nf3 Nf6 2. c4 e6 3. Nc3 b6 4. g3 Bb7 5. Bg2 c5 6. 0-0 Be7 7. d4 cxd4 8. Qxd4 d6 9. Rd1 a6 10. Bg5 Nbd7 11. Qd2 0-0 12. Bf4 Ne8 13. Rac1 Rc8 14. b3 h6 15. h3 Nc5 16. g4 Ne4 17. Nxe4 Bxe4 18. Ne1 Bxg2 19. Nxg2 b5 20. cxb5 Rxc1 21. Qxc1 axb5 22. Qc6 b4 23. e4 Qa5 24. Qb7 Bf6 25. Rd2 Be5 26. Bxe5 dxe5 27. Ne3 Nf6 28. Nc4 Qc5 29. Kg2 Nh7 30. Qb6 Qxb6 31. Nxb6 f6 32. Rc2 Rb8 33. Rc8+ Rxc8 34. Nxc8 Ng5 35. f3 Kf8 36. Na7 Ke7 37. Nc6+ Kd6 38. Nxb4 Kc5 39. Nc2 g6 40. h4 Nf7 41. Kf2 f5 42. Ke3 Nd6 43. Kd3 fxg4 44. fxg4 Ne8 45. a4 g5 46. hxg5 hxg5 47. b4+ Kc6 48. Ke3 Nf6 49. Kf3 Nd7 50. Na3 Nb6 51. a5 Nc8 52. b5+ Kb7 53. Nc4 Ne7 54. a6+ Kb8 55. b6 Nc6 56. Nd6 Nb4 57. a7+ Ka8 58. Ne8 1-0

[Event "Sitges Sunway op 9th"]
[Site "Sitges"]
[Date "2022.12.17"]
[Round "6"]
[White "Goh, Wei Ming Kevin"]
[Black "Pogorelov, Ruslan"]
[Result "1-0"]
[WhiteElo "2452"]
[BlackElo "2288"]
[PlyCount "97"]
[EventDate "2022.12.12"]
[EventType "swiss"]
[EventRounds "10"]
[EventCountry "ESP"]
[SourceTitle "CBM 211 Extra"]
[Source "ChessBase"]
[SourceDate "2023.01.31"]
[SourceVersion "1"]
[SourceVersionDate "2023.01.31"]
[SourceQuality "1"]

1. d4 Nf6 2. Bf4 e6 3. e3 b6 4. Qf3 d5 5. Nc3 Bb7 6. Nge2 a6 7. g4 Bd6 8. g5 Ne4 9. Nxe4 dxe4 10. Qg3 Bxf4 11. Nxf4 Qd6 12. 0-0-0 Nd7 13. d5 exd5 14. Nxd5 Qxg3 15. hxg3 0-0-0 16. Bg2 Ne5 17. Bxe4 Kb8 18. Nc3 Rde8 19. Bxb7 Kxb7 20. Rd5 c6 21. Rd4 Kc7 22. Re4 Kd6 23. f4 Ng4 24. Rh4 Nxe3 25. Rxe8 Rxe8 26. Rxh7 Rg8 27. Rh1 Re8 28. b3 g6 29. Re1 Re6 30. Kd2 Nf5 31. Ne4+ Ke7 32. c3 Kf8 33. g4 Nd6 34. Kd3 Ke7 35. Re3 Kf8 36. Ng3 Rxe3+ 37. Kxe3 Ke7 38. f5 Nb5 39. Ne4 a5 40. Kf4 Nd6 41. Nxd6 Kxd6 42. Ke4 b5 43. Kd4 a4 44. bxa4 bxa4 45. c4 c5+ 46. Ke4 a3 47. Kf4 Kc7 48. Ke5 Kc6 49. Kf6 1-0

[Event "Sitges Sunway op 9th"]
[Site "Sitges"]
[Date "2022.12.14"]
[Round "3"]
[White "Pogorelov, Ruslan"]
[Black "Sankalp, Gupta"]
[Result "0-1"]
[WhiteElo "2288"]
[BlackElo "2485"]
[PlyCount "68"]
[EventDate "2022.12.12"]
[EventType "swiss"]
[EventRounds "10"]
[EventCountry "ESP"]
[SourceTitle "CBM 211 Extra"]
[Source "ChessBase"]
[SourceDate "2023.01.31"]
[SourceVersion "1"]
[SourceVersionDate "2023.01.31"]
[SourceQuality "1"]

1. Nf3 Nf6 2. c4 g6 3. Nc3 Bg7 4. e4 d6 5. Be2 e5 6. 0-0 0-0 7. d4 Nc6 8. d5 Ne7 9. Bg5 Ne8 10. Qd2 f6 11. Bh6 g5 12. Bxg7 Nxg7 13. b4 Ng6 14. Rfc1 g4 15. Ne1 f5 16. exf5 Bxf5 17. c5 Qh4 18. g3 Qh5 19. Ng2 Rf7 20. h4 h6 21. Qd1 Raf8 22. Ne3 Nxh4 23. gxh4 Qxh4 24. Ng2 Qh3 25. Bf1 Bh7 26. Qe1 Rxf2 27. Qxf2 g3 28. Qxf8+ Kxf8 29. Bc4 Qh2+ 30. Kf1 Qh1+ 31. Ke2 Qxg2+ 32. Kd1 Nf5 33. Ne2 Ne3+ 34. Kd2 Nxc4+ 0-1

[Event "Sitges Sunway op 9th"]
[Site "Sitges"]
[Date "2022.12.13"]
[Round "2"]
[White "Sousa, Andre Ventura"]
[Black "Pogorelov, Ruslan"]
[Result "1/2-1/2"]
[WhiteElo "2466"]
[BlackElo "2288"]
[PlyCount "68"]
[EventDate "2022.12.12"]
[EventType "swiss"]
[EventRounds "10"]
[EventCountry "ESP"]
[SourceTitle "CBM 211 Extra"]
[Source "ChessBase"]
[SourceDate "2023.01.31"]
[SourceVersion "1"]
[SourceVersionDate "2023.01.31"]
[SourceQuality "1"]

1. e4 c5 2. Nf3 e6 3. d4 cxd4 4. Nxd4 a6 5. Bd3 Qc7 6. 0-0 Nf6 7. Qe2 d6 8. c4 g6 9. Nc3 Bg7 10. Be3 Nbd7 11. Rac1 0-0 12. f3 b6 13. Qf2 Bb7 14. Rfd1 Rac8 15. Bf1 Qb8 16. b4 Ne5 17. Na4 Ba8 18. h3 b5 19. cxb5 d5 20. Rxc8 Rxc8 21. Nc5 dxe4 22. fxe4 Nxe4 23. Qe1 Nxc5 24. bxc5 axb5 25. Nxb5 Bd5 26. Nd6 Rc6 27. Rb1 Qd8 28. Qb4 Nd7 29. Bb5 Rc7 30. a4 Bf8 31. Qf4 e5 32. Qf2 Nxc5 33. Bxc5 Bxd6 34. Bb6 Qf8 1/2-1/2

[Event "Torredembarra op 22nd"]
[Site "Torredembarra"]
[Date "2022.07.07"]
[Round "6"]
[White "Pogorelov, Ruslan"]
[Black "Alcala Gonzalez, Cesar"]
[Result "1/2-1/2"]
[WhiteElo "2283"]
[BlackElo "2197"]
[PlyCount "86"]
[EventDate "2022.07.02"]
[EventType "swiss"]
[EventRounds "9"]
[EventCountry "ESP"]
[SourceTitle "EXT 2023"]
[Source "ChessBase"]
[SourceDate "2022.10.05"]
[SourceVersion "1"]
[SourceVersionDate "2022.10.05"]
[SourceQuality "1"]

1. c4 c6 2. Nf3 d5 3. e3 Nf6 4. Nc3 e6 5. d4 a6 6. b3 Bb4 7. Bd2 Nbd7 8. Bd3 0-0 9. 0-0 Bd6 10. Qc2 h6 11. c5 Bc7 12. e4 e5 13. exd5 cxd5 14. dxe5 Nxe5 15. Nxe5 Bxe5 16. Rae1 Qc7 17. h3 Bd7 18. b4 Rfe8 19. Na4 Bxa4 20. Qxa4 Ne4 21. Qc2 Nxd2 22. Qxd2 b6 23. cxb6 Qxb6 24. Bc2 Qd4 25. Qxd4 Bxd4 26. Rxe8+ Rxe8 27. Bd3 Bc3 28. Rb1 Re6 29. Kf1 Kf8 30. a4 a5 31. b5 Bd4 32. Rc1 Bb6 33. Be2 Re4 34. Rc6 Rxa4 35. Bf3 Bd4 36. Bxd5 Rb4 37. Rc7 Rxb5 38. Rxf7+ Ke8 39. Bc6+ Kxf7 40. Bxb5 Ke6 41. Ke2 Kd5 42. Kd3 Bxf2 43. Kc3 Ke5 1/2-1/2

[Event "Torredembarra op 22nd"]
[Site "Torredembarra"]
[Date "2022.07.06"]
[Round "5"]
[White "Monell Camarasa, David"]
[Black "Pogorelov, Ruslan"]
[Result "0-1"]
[WhiteElo "2072"]
[BlackElo "2283"]
[PlyCount "77"]
[EventDate "2022.07.02"]
[EventType "swiss"]
[EventRounds "9"]
[EventCountry "ESP"]
[SourceTitle "EXT 2023"]
[Source "ChessBase"]
[SourceDate "2022.10.05"]
[SourceVersion "1"]
[SourceVersionDate "2022.10.05"]
[SourceQuality "1"]

1. d4 Nf6 2. Nf3 e6 3. g3 b6 4. Bg2 Bb7 5. 0-0 c5 6. c3 Be7 7. a4 d5 8. Na3 0-0 9. Bg5 Nbd7 10. Qd3 a6 11. Rfc1 Bc6 12. Qd1 Rc8 13. Qb3 Ne4 14. Bxe7 Qxe7 15. Nb1 cxd4 16. Nxd4 Ba8 17. a5 b5 18. Nc2 Ndc5 19. Qa3 Qf6 20. f3 Nd6 21. Rd1 Nc4 22. Qb4 Qh6 23. f4 g5 24. Rf1 gxf4 25. Rxf4 e5 26. Rg4+ Kh8 27. Nba3 Qd2 28. Rf1 f5 29. Rh4 Qxe2 30. Bf3 Qd2 31. Rh5 Nxa3 32. Nxa3 Rf7 33. Bg2 Qe3+ 34. Kh1 f4 35. gxf4 Rxf4 36. Rxf4 exf4 37. Qd4+ Qxd4 38. cxd4 Ne4 39. h3 0-1

[Event "Torredembarra op 22nd"]
[Site "Torredembarra"]
[Date "2022.07.04"]
[Round "3"]
[White "Saldana Caballe, Jose Enrique"]
[Black "Pogorelov, Ruslan"]
[Result "1/2-1/2"]
[WhiteElo "2004"]
[BlackElo "2283"]
[PlyCount "64"]
[EventDate "2022.07.02"]
[EventType "swiss"]
[EventRounds "9"]
[EventCountry "ESP"]
[SourceTitle "EXT 2023"]
[Source "ChessBase"]
[SourceDate "2022.10.05"]
[SourceVersion "1"]
[SourceVersionDate "2022.10.05"]
[SourceQuality "1"]

1. e4 e5 2. Nf3 Nc6 3. Bb5 a6 4. Bxc6 dxc6 5. 0-0 Bd6 6. d4 Bg4 7. dxe5 Bxf3 8. Qxf3 Bxe5 9. Rd1 Qe7 10. Nc3 Nf6 11. Bf4 0-0 12. Bxe5 Qxe5 13. Qg3 Qxg3 14. hxg3 Rfe8 15. f3 h5 16. Kf2 a5 17. Na4 b6 18. b3 Re5 19. Nb2 Re7 20. Rd2 Ne8 21. Rad1 Nd6 22. Rd4 f5 23. exf5 Nxf5 24. Rd8+ Rxd8 25. Rxd8+ Kf7 26. Nc4 c5 27. f4 g6 28. Ne5+ Kg7 29. Rd7 Rxd7 30. Nxd7 Nd4 31. c4 Kf7 32. Ne5+ Kf6 1/2-1/2

[Event "Catalunya-chT Gp2"]
[Site "Barcelona"]
[Date "2022.02.26"]
[Round "6.2"]
[White "Pogorelov, Ruslan"]
[Black "Campos Moreno, Javier B"]
[Result "0-1"]
[WhiteElo "2334"]
[BlackElo "2409"]
[PlyCount "72"]
[EventDate "2022.01.22"]
[EventType "team-tourn"]
[EventRounds "9"]
[EventCountry "ESP"]
[SourceTitle "CBM 208 Extra"]
[Source "ChessBase"]
[SourceDate "2022.07.31"]
[SourceVersion "1"]
[SourceVersionDate "2022.07.31"]
[SourceQuality "1"]
[WhiteTeam "Salauris"]
[BlackTeam "Figueres"]
[WhiteTeamCountry "ESP"]
[BlackTeamCountry "ESP"]

1. Nf3 d5 2. d4 Nf6 3. c4 e6 4. Nc3 Bb4 5. cxd5 exd5 6. Bf4 Ne4 7. Rc1 Nc6 8. Nd2 g5 9. Be3 Nxc3 10. bxc3 Bd6 11. h4 Bf4 12. Bxf4 gxf4 13. Nf3 Qd6 14. Qd2 Bg4 15. Nh2 Bh5 16. g3 fxg3 17. Qe3+ Ne7 18. fxg3 Rg8 19. Kf2 0-0-0 20. Bh3+ Kb8 21. Qf4 Qxf4+ 22. gxf4 Ng6 23. e3 Nxh4 24. Rhg1 Bg6 25. Rg4 Nf5 26. Nf3 Nd6 27. Nd2 Rge8 28. Bg2 Nf5 29. Re1 Re7 30. Bh3 Rde8 31. Nf1 c6 32. Rg5 Rc7 33. Bg2 b5 34. a3 Rb7 35. Bf3 a5 36. Be2 Nd6 0-1